00314nam a2200121Ia 4500008004100000100002300041245004100064260003200105300000800137650002500145942000700170999001500177190216s9999||||xx |||||||||||||| ||und|| aKulbir Singh Sidhu 0aMethodology Of Research In Education bSterling Publicationsc2003 a308 aResearch Methodology cBK c6646d6646